Case study research : (Record no. 3595)

000 -LEADER
fixed length control field 03488cam a2200373 a 4500
001 - CONTROL NUMBER
control field 7925998
003 - CONTROL NUMBER IDENTIFIER
control field Nust
005 - DATE AND TIME OF LATEST TRANSACTION
control field 20180117090009.0
008 - FIXED-LENGTH DATA ELEMENTS--GENERAL INFORMATION
fixed length control field 100129s2010 caua b 001 0 eng
020 ## - INTERNATIONAL STANDARD BOOK NUMBER
International Standard Book Number 9781849206112 (hbk.)
020 ## - INTERNATIONAL STANDARD BOOK NUMBER
International Standard Book Number 1849206112 (hbk.)
020 ## - INTERNATIONAL STANDARD BOOK NUMBER
International Standard Book Number 1849206120 (pbk.)
020 ## - INTERNATIONAL STANDARD BOOK NUMBER
International Standard Book Number 9781849206129 (pbk.)
024 ## - OTHER STANDARD IDENTIFIER
Standard number or code 99938780111
035 ## - SYSTEM CONTROL NUMBER
System control number (OCoLC)ocn491930428
035 ## - SYSTEM CONTROL NUMBER
System control number (OCoLC)491930428
035 ## - SYSTEM CONTROL NUMBER
System control number (NNC)7925998
040 ## - CATALOGING SOURCE
Original cataloging agency UKM
Transcribing agency UKM
Modifying agency BTCTA
-- YDXCP
-- NhCcYBP
-- OrLoB-B
042 ## - AUTHENTICATION CODE
Authentication code ukblcatcopy
050 #4 - LIBRARY OF CONGRESS CALL NUMBER
Classification number H62
Item number .S93 2010
082 04 - DEWEY DECIMAL CLASSIFICATION NUMBER
Classification number 001.42
Edition number 22
100 1# - MAIN ENTRY--PERSONAL NAME
Personal name Swanborn, P. G.,
Dates associated with a name 1935-
9 (RLIN) 11
245 10 - TITLE STATEMENT
Title Case study research :
Remainder of title what, why and how? /
Statement of responsibility, etc. Peter G. Swanborn.
260 ## - PUBLICATION, DISTRIBUTION, ETC.
Place of publication, distribution, etc. Los Angeles :
Name of publisher, distributor, etc. SAGE,
Date of publication, distribution, etc. 2010.
300 ## - PHYSICAL DESCRIPTION
Extent ix, 178 p. :
Other physical details ill. ;
Dimensions 25 cm.
504 ## - BIBLIOGRAPHY, ETC. NOTE
Bibliography, etc. note Includes bibliographical references and index.
505 00 - FORMATTED CONTENTS NOTE
Miscellaneous information 1.
Title What is a case study? --
Miscellaneous information 1.1.
Title Introduction --
Miscellaneous information 1.2.
Title Phenomena and cases --
Miscellaneous information 1.3.
Title Historical background --
Miscellaneous information 1.4.
Title Methodological point of departure --
Miscellaneous information 1.5.
Title Definition --
Miscellaneous information 1.6.
Title Additional remarks about the definition --
Miscellaneous information 1.7.
Title An holistic approach? --
Miscellaneous information 1.8.
Title Conclusions --
-- Exercises --
-- Key terms --
Miscellaneous information 2.
Title When to conduct a case study? --
Miscellaneous information 2.1.
Title Introduction --
Miscellaneous information 2.2.
Title Research questions --
Miscellaneous information 2.3.
Title Specific conditions --
Miscellaneous information 2.4.
Title Further considerations --
Miscellaneous information 2.5.
Title Conclusions --
-- Exercises --
-- Key terms --
Miscellaneous information 3.
Title How to select cases? --
Miscellaneous information 3.1.
Title Introduction --
Miscellaneous information 3.2.
Title Demarcation of the domain --
Miscellaneous information 3.3.
Title No selection at all --
Miscellaneous information 3.4.
Title Random selection --
Miscellaneous information 3.5.
Title Pragmatic grounds --
Miscellaneous information 3.6.
Title Substantive criteria --
Miscellaneous information 3.7.
Title The problem of generalisation --
Miscellaneous information 3.8.
Title Conclusions --
-- Exercises --
-- Key terms --
Miscellaneous information 4.
Title What data to collect? --
Miscellaneous information 4.1.
Title Introduction --
Miscellaneous information 4.2.
Title Data and theories --
Miscellaneous information 4.3.
Title An application of theory --
Miscellaneous information 4.4.
Title Causality --
Miscellaneous information 4.5.
Title Conclusions --
-- Exercises --
-- Key terms --
Miscellaneous information 5.
Title How to enrich your case study data? --
Miscellaneous information 5.1.
Title Introduction: degrees of freedom --
Miscellaneous information 5.2.
Title Increasing the number of measurement points in time --
Miscellaneous information 5.3.
Title Introducing sub-units --
Miscellaneous information 5.4.
Title Increasing the number of cases --
Miscellaneous information 5.5.
Title Increasing the number of predictions --
Miscellaneous information 5.6.
Title Using several gradations of the independent variables --
Miscellaneous information 5.7.
Title Diversifying methods of collecting data --
Miscellaneous information 5.8.
Title Diversifying researchers --
Miscellaneous information 5.9.
Title Presenting results to participants and using their opinions as extra data --
Miscellaneous information 5.10.
Title Conclusions --
-- Exercises --
-- Key terms --
Miscellaneous information 6.
Title How to analyse your data? --
Miscellaneous information 6.1.
Title Introduction --
Miscellaneous information 6.2.
Title Five traditions --
Miscellaneous information 6.3.
Title Analysis --
Miscellaneous information 6.4.
Title Limits of tabulations on qualitative data --
Miscellaneous information 6.5.
Title Conclusions --
-- Exercises --
-- Key terms --
Miscellaneous information 7.
Title Assets and opportunities --
Miscellaneous information 7.1.
Title Styles of reporting --
Miscellaneous information 7.2.
Title Combining intensive and extensive approaches --
Miscellaneous information 7.3.
Title Generalising from the user's perspective --
Miscellaneous information 7.4.
Title Meta-analysis --
Miscellaneous information 7.5.
Title The efficiency of case studies --
Miscellaneous information 7.6.
Title Epilogue --
-- Key terms --
Miscellaneous information Appendix 1.
Title Selected literature on case studies --
Miscellaneous information Appendix 2.
Title The political science debate on case studies --
Miscellaneous information Appendix 3.
Title A note on triangulation --
Miscellaneous information Appendix 4.
Title A note on contamination.
650 #0 - SUBJECT ADDED ENTRY--TOPICAL TERM
Topical term or geographic name entry element Social sciences
General subdivision Research
-- Methodology.
9 (RLIN) 12
650 #0 - SUBJECT ADDED ENTRY--TOPICAL TERM
Topical term or geographic name entry element Case method.
9 (RLIN) 13
900 ## - EQUIVALENCE OR CROSS-REFERENCE-PERSONAL NAME [LOCAL, CANADA]
Numeration TOC
942 ## - ADDED ENTRY ELEMENTS (KOHA)
Source of classification or shelving scheme
Koha item type Book
948 1# - LOCAL PROCESSING INFORMATION (OCLC); SERIES PART DESIGNATOR (RLIN)
Series part designator, SPT (RLIN) 20100910
b (OCLC) c
c (OCLC) pg2032
d (OCLC) MPS
Holdings
Withdrawn status Lost status Source of classification or shelving scheme Damaged status Not for loan Collection code Permanent Location Current Location Shelving location Date acquired Total Checkouts Total Renewals Full call number Barcode Date last seen Date last checked out Price effective from Koha item type
          Computer Science Central Library (CL) Central Library (CL) First Floor - Computer Science 11/19/2016 1 2 001.42 SWA S3H-N-31 08/31/2023 04/17/2018 11/19/2016 Book
© 2023 Central Library, National University of Sciences and Technology. All Rights Reserved.